| 000 | 00413nam a2200157 i 4500 | ||
|---|---|---|---|
| 001 | 79063 | ||
| 003 | ES-MaACL | ||
| 005 | 20230906173907.0 | ||
| 007 | t| | ||
| 008 | 041019s1909 xxk ||||1| eng d | ||
| 100 | 1 |
_aHeitland, W. E. _962402 |
|
| 245 | 1 | 4 |
_aThe Roman Republic / _cby W.E. Heitland. |
| 260 |
_aCambridge : _bUniversity Press, _c1909. |
||
| 300 |
_a3 v. ; _c24 cm. |
||
| 852 |
_aES-MaACL _jB-1347-1349 |
||
| 999 |
_c79063 _d79063 |
||